| 000 | 00580nam a2200181 a 4500 | ||
|---|---|---|---|
| 005 | 20260421122419.0 | ||
| 008 | 260416s2026##################000#0#eng## | ||
| 020 |
_a9780521125772 _qpbk |
||
| 041 | _aEng | ||
| 082 | 0 | 4 | _a361.61 BUL |
| 100 | _aBulmer,Martin. | ||
| 245 | 1 | 0 |
_aSocial Science Research and Government: Comparative Essays On Britain and The United States. _c/edited by Martin Bulmer. |
| 250 | _a1st ed | ||
| 260 |
_aTokyo: _bCambridge University Press, _c1987. |
||
| 300 |
_axii;406p. _c21 cm. |
||
| 650 | _aSocial Problems, Social Science. | ||
| 942 | _cENGLISH | ||
| 999 |
_c619456 _d619456 |
||